| 000 | 00895nam a22003017a 4500 | ||
|---|---|---|---|
| 001 | 9087 | ||
| 003 | FISKH | ||
| 005 | 20251128090007.0 | ||
| 008 | 251119b cb ||||| |||| 00| 0 eng d | ||
| 020 | _a0590444034 | ||
| 040 |
_aFISKH _beng _cFISKH _dFISKH |
||
| 050 | _aPZ7.M2427 E | ||
| 082 | _a813.54 | ||
| 100 | _aMcPhail, David | ||
| 245 |
_aEmma's pet / _cby David McPhail |
||
| 250 | _aFirst Scholastic printing , December 1990 | ||
| 260 |
_aNew York : _bScholastic , _c1985. |
||
| 300 |
_a24 unnumbered pages : _bcolor illustrations ; _c16 X 16 cm . |
||
| 490 |
_aEmma the Bear _v2 |
||
| 505 | _aH | ||
| 520 | _aEmma's search for a soft, cuddly pet has a surprising ending. | ||
| 521 | 8 |
_a430
_bLexile |
|
| 521 | 8 |
_aH
_bRaz-Plus |
|
| 650 |
_aAnimal characters _vChildren's Books |
||
| 650 |
_aPets _vChildren's Books |
||
| 942 |
_2ddc _cBK _n0 |
||
| 999 |
_c9087 _d9087 |
||